<?xml version="1.0" encoding="UTF-8"?>
<collection xmlns="http://www.loc.gov/MARC21/slim">
  <record>
    <leader>00000nam  2200000   4500</leader>
    <controlfield tag="001">INLIS000000000000227</controlfield>
    <controlfield tag="005">20190514112634</controlfield>
    <datafield tag="035" ind1="#" ind2="#">
      <subfield code="a">0010-0718000227</subfield>
    </datafield>
    <controlfield tag="008">190514################g##########0#ind##</controlfield>
    <datafield tag="020" ind1="#" ind2="#">
      <subfield code="a">9786028800914</subfield>
    </datafield>
    <datafield tag="041" ind1=" " ind2=" ">
      <subfield code="a">id</subfield>
    </datafield>
    <datafield tag="082" ind1="#" ind2="#">
      <subfield code="a">658</subfield>
    </datafield>
    <datafield tag="090" ind1=" " ind2=" ">
      <subfield code="a">658 Fah m</subfield>
    </datafield>
    <datafield tag="100" ind1=" " ind2="#">
      <subfield code="a">Fahmi, Irham</subfield>
    </datafield>
    <datafield tag="245" ind1="1" ind2="#">
      <subfield code="a">Manajemen : Teori, Kasus dan solusi /</subfield>
      <subfield code="c">Irham Fahmi</subfield>
    </datafield>
    <datafield tag="250" ind1="#" ind2="#">
      <subfield code="a">ed.1</subfield>
    </datafield>
    <datafield tag="260" ind1="#" ind2="#">
      <subfield code="a">Bandung :</subfield>
      <subfield code="b">Alfabeta,</subfield>
      <subfield code="c">2012</subfield>
    </datafield>
    <datafield tag="300" ind1="#" ind2="#">
      <subfield code="a">xv; 380 hlm. :</subfield>
      <subfield code="b">ilus ;</subfield>
      <subfield code="c">24 cm</subfield>
    </datafield>
    <datafield tag="650" ind1=" " ind2="#">
      <subfield code="a">Manajemen</subfield>
    </datafield>
    <datafield tag="084" ind1="#" ind2="#">
      <subfield code="a">658 Fah m</subfield>
    </datafield>
    <datafield tag="520" ind1="#" ind2="#">
      <subfield code="a">Manajemen adalah perpaduan antara ilmu dan seni. Berbagai pihak telah mengakui ilmu manajemen memiliki peran penting dalam mendorong pembentukan organisasi yang kompetitif. Ilmu manajemen dikenal dengan empat fungsinya, perencanaan, pengorganisasian, kepemimpinan dan pengawasan. Keempat fungsi ini bersifat saling berkaitan satu sama lain. Penulisan bukuteks "Manajemen: Teori, Kasus, dan Solusi" merupakan keinginan penulis dalam usaha memberikan penjelasan ilmu manajemen secara sistematis dan komprehensif. Penempatan kasus-kasus manajemen di Indonesia. Dengan tujuan agar para pembaca menjadi lebih realistis dalam memahami secara lebih komprehensif. Pemenpatan kasus disini disesuaikan dengan kondisi realita pada berbagai kasus-kasus manajemen di Indonesia. Dengan tujuan agar para pembaca menjadi lebih realistis dalam memahami ilmu manajemen. Dan penulis juga memberikan solusi pada setiap babnya dengan tujuan agar para pembaca dapat memahami secara lebih komprehensif. apa yang penulis kemukakan disini telah diuji coba selama mengajar baik ditingkat strata satu dan pascasarjana, termasuk memasukkan beberapa bahan dari hasil diskusi, pelatihan, dan pengalaman penulis sebagai praktisi bisnis.</subfield>
    </datafield>
    <datafield tag="856" ind1="#" ind2="#">
      <subfield code="a">Perpustakaan Lembaga Administrasi Negara</subfield>
    </datafield>
    <datafield tag="990" ind1="#" ind2="#">
      <subfield code="a">141217230</subfield>
    </datafield>
    <datafield tag="990" ind1="#" ind2="#">
      <subfield code="a">141217231</subfield>
    </datafield>
    <datafield tag="990" ind1="#" ind2="#">
      <subfield code="a">141217231</subfield>
    </datafield>
    <datafield tag="990" ind1="#" ind2="#">
      <subfield code="a">141217230</subfield>
    </datafield>
    <datafield tag="990" ind1="#" ind2="#">
      <subfield code="a">141217230</subfield>
    </datafield>
    <datafield tag="990" ind1="#" ind2="#">
      <subfield code="a">141217231</subfield>
    </datafield>
  </record>
</collection>
